| 000 | 01126cab a2200217 4500 | ||
|---|---|---|---|
| 001 | X1784 | ||
| 008 | 090401t1995 xxu||||| |||| 00| 0 eng d | ||
| 035 | _a(Sirsi) u19251 | ||
| 041 | _aeng | ||
| 245 | _aR v SoS Environment ex parte Smith and Deller | ||
| 260 | _c1995 | ||
| 350 | _a0 | ||
| 490 |
_aJournal of Planning and Environment Law _v1995 JPL 42-52(11) |
||
| 520 | _aQBD 26 May 1993. Definitive map modification order - made by County Council - no grounds for making the order - no right of way as claimed existed - order quashed - costs application - refused - Circular 2/87 - Part I costs in respect of appeals and othet planning procedures - Part II analogous orders - distinction between Parts I & II - pro-active and re-active position - was a modification order analogous to compulsory purchase orders? - did the council act unreasonably? - `Mercury` sense - decision relating to no award of costs. | ||
| 650 | _aDEFINITIVE MAP MODIFICATION ORDER 1988 | ||
| 650 | _aDOE CIRCULAR 02/1987 | ||
| 650 | _aRIGHT OF WAY | ||
| 690 | _aHIGHWAYS AND RIGHTS OF WAY-CASE LAW | ||
| 942 | _n0 | ||
| 948 | _c04/03/1997 | ||
| 999 |
_c12834 _d12834 |
||